All TaeKwon-Do Kicks - Statistics

General Stats
  • This quiz has been taken 13 times
  • The average score is 7 of 25
Answer Stats
Answer % Correct
1 Front kick
89%
16 Back kick
67%
7 Side kick
67%
13 Axe kick
33%
14 Crescent kick
33%
3 Jump Front kick
33%
9 Jump Side kick
33%
4 Turning Kick
33%
19 Double kick
22%
18 Flying kick
22%
10 Hooking kick
22%
17 Jump Back kick
22%
6 Jump Turning kick
22%
25 Spin Hooking kick
22%
15 Twist kick
22%
22 360 Side kick
11%
21 360 Turning kick
11%
24 540 Side kick
11%
23 540 Turning kick
11%
2 Cycle Front kick
11%
11 Cycle Hooking kick
11%
8 Cycle Side kick
11%
5 Cycle Turning kick
11%
12 Jump Hooking kick
11%
20 Triple kick
11%
No matching quizzes found
Score Distribution
Percent of People with Each Score
Percentile by Number Answered
Your Score History
You have not taken this quiz